00385nam a2200121Ia 450000500170000000800410001708200190005810000120007724500460008926000420013530000160017750000700019320250305034727.0240331s9999 xx 000 0 und d bAND25447a920 aAndi, R 0aDravida Iyakkum - Valarchiyum Talarchiyum aTamil NadubOviakil Pathippagamc2003 axx, 368 p., aThe contemporary experience of the history of Dravidian movement.